000
00325nam a2200145Ia 4500
008
210210b1901 xxu||||| |||| 00| 0 eng d
041
_a
eng
082
_a
829/1136
100
_a
TOLSTOY (L)
245
_a
Tales
260
_a
London
_b
Not Mentioned
_c
1901
650
_a
Tales
690
_a
English Fiction
906
_a
017748
999
_c
137732
_d
137732